000 00335 a2200145 4500
001 155718
040 _cEscola São Tomás de Aquino
240 1 0 _aCanções das Águas Profundas
_lpor
245 1 0 _aCanções das Águas Profundas
300 _a80
362 0 _a1987
440 1 _aMundo Cristão
697 _aBíblia
942 _cBK
999 _c155718
_d155718